000 00313nam a22001457a 4500
008 221209b ||||| |||| 00| 0 eng d
020 _a9780534149901
041 _aeng
080 _a51
082 _a51TUS
100 _a22.2
101 _aMATE
245 _aMATH 090 PRE ALGEBRA
_cTUSSY S A
942 _2udc
_cBK
999 _c59152
_d59152